000 00819nam a22002657a 4500
003 CHAP
005 20220329135311.0
008 971013s1975 r 00010 d
010 _a34038
011 _a35010
035 _a39126
040 _cCHAP
090 _aFolleto 2288
100 0 0 _aOesterle, Eric C.
_982773
245 _aStrategies in implementing innovations in food distribution firms
260 _aWest Lafayette, Indiana :
_bPurdue University. Department of Agricultural Economics,
_c(1975)
300 _a16 p.
590 _aBATCH-UPD
_b10
_c20130110
_lUCH01
_h1148
590 _aCONVERSION
_b10
_c20130109
_lUCH01
_h1319
650 1 4 _aAlimentos
_xIndustria.
_94227
650 1 4 _aAlimentos
_xMercadeo.
_94245
901 _aBK
942 _cFOLL
949 _aFolleto 2288
_bBC
_cFOLL
_d-89372
_eTS1
_i39126
_si
999 _c34038
_d34038